| 000 | 00631nam a2200205 a 4500 | ||
|---|---|---|---|
| 001 | 1589 | ||
| 005 | 20140414131951.0 | ||
| 008 | 020828s19uu xx 00 eng d | ||
| 020 | _a1-74078-046-9 | ||
| 050 |
_aTR 428.4 _bC793H 2000 |
||
| 100 | _aCooper-Trent, Jennifer | ||
| 245 |
_aHarrison's goal, 47 / _cStory by Jennifer Cooper-Trent. |
||
| 260 |
_aPhilippines : _bSoundscope Literature, _c[n.d.] |
||
| 300 | _a1 v. p. ; cm. | ||
| 440 | _aFantastic Phonics Series 3 | ||
| 500 | _aSeries 1 (1-20) ; Series 2 (21-40) ; Series (41-60) | ||
| 650 |
_aReading _xJuvenile literature. |
||
| 650 | _aPhonetics. | ||
| 999 |
_c112793 _d112793 |
||